Taylor Swift - Albums par couleurs en image - Statistiques

Statistiques générales
  • Ce quiz a été pris 429 fois
    134 depuis la dernière actualisation
  • Le résultat moyen est 12 sur 12
Statistiques - réponses
Par images Réponse % Correct
Red
99%
Reputation
99%
Speak Now
99%
evermore
98%
folklore
98%
Lover
98%
Midnights
98%
Taylor Swift
98%
The Life of a Showgirl
98%
1989
97%
Fearless
97%
The Tortured Poets Department
97%
Aucun quiz correspondant
Distribution des résultats
% des personnes avec chaque résultat
Percentile par nombre de réponses
Votre historique - résultats
Vous n’avez pas pris ce quiz depuis la dernière actualisation